000 00888nam a2200229 i 4500
001 172082
003 ES-MaACL
005 20250519193012.0
008 090612s1980 fr |||| | fre d
080 _a782.1
100 1 _aRossi, Gaetano.
_9139669
245 1 0 _aSemiramide : melodramma tragico in due atti
_b= Sémiramis : mélodrame tragique en deux actes /
_cmusique de Gioacchino Rossini (1792-1868) ; livret de Gaetano Rossi ; traduction française de Gilles de Van.
246 3 1 _aSémiramis
260 _aParis :
_bGérard Billaudot,
_c1980.
300 _a118 p. ;
_c18 cm.
490 1 _aOpéra de Paris. Bilingue
650 4 _aÓperas-
_vLibretos.
_9137584
700 1 _aRossini, Gioachino,
_d1792-1868
_9240542
830 0 _aOpéra de Paris. Bilingue
_9189043
852 _aES-MaACL
_jE-12707
_z. - Biblioteca Jacinto Martínez Lacalle
999 _c172082
_d172082